| 000 | 00452nam a2200181Ia 4500 | ||
|---|---|---|---|
| 008 | 140306s9999 xx 000 0 und d | ||
| 020 | _a9.7804394556e+012 | ||
| 050 |
_aPZ 7 _b.C976Is 2002 |
||
| 100 | _aCurry, Don L. | ||
| 245 |
_aI see fish / _cDon L. Curry |
||
| 260 |
_aUSA : _bScholastic Inc, _cc2002. |
||
| 300 |
_a9 p. : _bcol. Ill. ; _c18 cm. |
||
| 521 | _aG1 | ||
| 526 | _cBR | ||
| 650 |
_aFish _xFiction. |
||
| 942 | _cBK | ||
| 999 |
_c42884 _d42884 |
||